[Event "Oberliga Sued W 1718"]
[Site "Germany"]
[Date "2018.02.25"]
[Round "9.6"]
[White "Scholtes, Benedikt"]
[Black "Weyerhaeuser, Joerg"]
[Result "1/2-1/2"]
[WhiteElo "2048"]
[BlackElo "2076"]
[PlyCount "57"]
[EventDate "2017.09.10"]
[EventType "team-tourn"]
[EventRounds "11"]
[EventCountry "GER"]
[SourceTitle "EXT 2019"]
[Source "ChessBase"]
[SourceDate "2018.10.10"]
[SourceVersion "1"]
[SourceVersionDate "2018.10.10"]
[SourceQuality "1"]
[WhiteTeam "Trier"]
[BlackTeam "Gau Algesheim"]
[WhiteTeamCountry "GER"]
[BlackTeamCountry "GER"]

1. e4 d6 2. d4 Nf6 3. Nc3 g6 4. Bd3 Bg7 5. Nge2 c5 6. dxc5 dxc5 7. Be3 Nbd7 8. h3 a6 9. a4 b6 10. f4 e6 11. 0-0 Bb7 12. e5 Nd5 13. Qd2 Qc7 14. Ne4 0-0 15. N2c3 Nxc3 16. Nxc3 Rad8 17. Qe2 Nb8 18. Rad1 Nc6 19. Ne4 c4 20. Bxc4 Nxe5 21. fxe5 Bxe4 22. Bxa6 Qxc2 23. Qxc2 Bxc2 24. Rxd8 Rxd8 25. Bxb6 Ra8 26. Bb5 Bxe5 27. a5 Be4 28. Re1 f5 29. Re2 1/2-1/2

[Event "Oberliga Sued W 1718"]
[Site "Germany"]
[Date "2017.11.26"]
[Round "5.5"]
[White "Weyerhaeuser, Joerg"]
[Black "Jahn, Peter"]
[Result "1/2-1/2"]
[WhiteElo "2076"]
[BlackElo "2054"]
[PlyCount "58"]
[EventDate "2017.09.10"]
[EventType "team-tourn"]
[EventRounds "11"]
[EventCountry "GER"]
[SourceTitle "EXT 2019"]
[Source "ChessBase"]
[SourceDate "2018.10.10"]
[SourceVersion "1"]
[SourceVersionDate "2018.10.10"]
[SourceQuality "1"]
[WhiteTeam "Gau Algesheim"]
[BlackTeam "Heimbach Weis/Neuwied"]
[WhiteTeamCountry "GER"]
[BlackTeamCountry "GER"]

1. d4 d5 2. c4 e6 3. Nc3 Nf6 4. Bg5 Be7 5. Nf3 Nbd7 6. e3 h6 7. Bh4 Ne4 8. Bxe7 Qxe7 9. Qc2 Nxc3 10. Qxc3 c6 11. Bd3 0-0 12. 0-0 dxc4 13. Bxc4 c5 14. Bb5 cxd4 15. Qxd4 a6 16. Bxd7 Bxd7 17. Rfc1 Rfc8 18. Ne5 Be8 19. Qb6 f6 20. Nd3 Kf7 21. f3 Rc6 22. Rxc6 Bxc6 23. Rc1 Qd8 24. Qxd8 Rxd8 25. Nc5 Ke7 26. Rc2 Rc8 27. Nd3 b6 28. Kf2 Bb7 29. Rxc8 Bxc8 1/2-1/2

[Event "Oberliga Sued W 1718"]
[Site "Germany"]
[Date "2017.09.10"]
[Round "1.8"]
[White "Weyerhaeuser, Joerg"]
[Black "Cahen, Alexis"]
[Result "0-1"]
[WhiteElo "2076"]
[BlackElo "1951"]
[PlyCount "112"]
[EventDate "2017.09.10"]
[EventType "team-tourn"]
[EventRounds "11"]
[EventCountry "GER"]
[SourceTitle "EXT 2019"]
[Source "ChessBase"]
[SourceDate "2018.10.10"]
[SourceVersion "1"]
[SourceVersionDate "2018.10.10"]
[SourceQuality "1"]
[WhiteTeam "Gau Algesheim"]
[BlackTeam "Saarbruecken SVG"]
[WhiteTeamCountry "GER"]
[BlackTeamCountry "GER"]

1. d4 Nf6 2. Nf3 g6 3. Nc3 d5 4. Bg5 Bg7 5. e3 0-0 6. Bd3 c6 7. 0-0 Bg4 8. Re1 Nbd7 9. e4 dxe4 10. Nxe4 Nxe4 11. Rxe4 Nf6 12. Bxf6 Bxf3 13. Qxf3 exf6 14. c3 f5 15. Re3 Qd7 16. Rae1 Rfe8 17. Bc4 Rad8 18. Qe2 Kf8 19. Kf1 Bh6 20. Rxe8+ Rxe8 21. Qxe8+ Qxe8 22. Rxe8+ Kxe8 23. Ke2 Ke7 24. b4 Bf4 25. h3 h6 26. Kd3 Bc7 27. a4 g5 28. d5 f6 29. dxc6 bxc6 30. Ba6 Bb6 31. f3 Kd6 32. Kc4 g4 33. hxg4 fxg4 34. fxg4 Bf2 35. Bc8 c5 36. b5 Kc7 37. Bf5 Kb6 38. Kd5 Be3 39. c4 Bd4 40. Ke6 Ka5 41. Kd6 Kb6 42. a5+ Kxa5 43. Kc6 a6 44. b6 Kb4 45. b7 Be5 46. Kd5 a5 47. Bd7 a4 48. Bxa4 Kxa4 49. Kxc5 Ka5 50. Kd5 Kb6 51. Ke6 Kxb7 52. Kf5 Kc6 53. Kg6 Kc5 54. g3 Bc3 55. Kxh6 Bd2+ 56. Kg6 Bg5 0-1

[Event "Oberliga Sued W 1617"]
[Site "Germany"]
[Date "2017.02.19"]
[Round "7.7"]
[White "Bauer, Martin"]
[Black "Weyerhaeuser, Joerg"]
[Result "1/2-1/2"]
[WhiteElo "2081"]
[BlackElo "2063"]
[PlyCount "34"]
[EventDate "2016.09.25"]
[EventType "team-tourn"]
[EventRounds "9"]
[EventCountry "GER"]
[SourceTitle "EXT 2018"]
[Source "ChessBase"]
[SourceDate "2017.10.13"]
[SourceVersion "1"]
[SourceVersionDate "2017.10.13"]
[SourceQuality "1"]
[WhiteTeam "Schott Mainz"]
[BlackTeam "Gau Algesheim"]
[WhiteTeamCountry "GER"]
[BlackTeamCountry "GER"]

1. e4 d6 2. d4 Nf6 3. Nc3 g6 4. Nf3 Bg7 5. Bc4 0-0 6. 0-0 Nxe4 7. Nxe4 d5 8. Bd3 dxe4 9. Bxe4 Nd7 10. Re1 Nf6 11. Bd3 b6 12. Bf4 Bb7 13. Be5 e6 14. Qe2 Qe7 15. Rad1 Rfd8 16. h3 c5 17. c3 cxd4 1/2-1/2

[Event "Oberliga Sued W 1617"]
[Site "Germany"]
[Date "2017.01.15"]
[Round "5.7"]
[White "Keil, Andreas"]
[Black "Weyerhaeuser, Joerg"]
[Result "1-0"]
[WhiteElo "2190"]
[BlackElo "2063"]
[PlyCount "75"]
[EventDate "2016.09.25"]
[EventType "team-tourn"]
[EventRounds "9"]
[EventCountry "GER"]
[SourceTitle "EXT 2018"]
[Source "ChessBase"]
[SourceDate "2017.10.13"]
[SourceVersion "1"]
[SourceVersionDate "2017.10.13"]
[SourceQuality "1"]
[WhiteTeam "Saarbruecken Gambit"]
[BlackTeam "Gau Algesheim"]
[WhiteTeamCountry "GER"]
[BlackTeamCountry "GER"]

1. c4 c5 2. Nc3 b6 3. e4 Bb7 4. g3 e5 5. Bg2 Nf6 6. Nge2 Nc6 7. d3 Be7 8. h3 a6 9. 0-0 d6 10. Be3 Nd4 11. f4 Bc6 12. fxe5 dxe5 13. Nd5 Nxe2+ 14. Qxe2 h6 15. Bd2 Bd7 16. Bc3 Qb8 17. b3 Ra7 18. Nxe7 Kxe7 19. Qb2 Qc8 20. Kh2 Nh7 21. Bxe5 f6 22. Bc3 Ng5 23. h4 Nh7 24. e5 f5 25. e6 Bxe6 26. Rae1 Re8 27. Bxg7 Rd7 28. Rxe6+ Kxe6 29. Bh3 Kd6 30. Bxf5 Ree7 31. Bxd7 Qxd7 32. Bxh6 Qg4 33. Qg2 Re2 34. Rf2 Rxf2 35. Qxf2 Ke7 36. Qg2 Nf6 37. Bg5 Kf7 38. Qf2 1-0